Statystyki dla Państwa z największą liczbą łysych

Kliknij tutaj aby rozwiązać quiz!

Ogólne statystyki

  • Ten quiz został rozwiązany 156 razy
  • Średni wynik to 8 z 10

Statystyki odpowiedzi

Państwo% Poprawnych
8.Polska
96%
10.Rosja
92%
6.Stany Zjednoczone
90%
3.Niemcy
87%
4.Francja
80%
7.Włochy
78%
2.Hiszpania
75%
5.Wielka Brytania
75%
1.Czechy
63%
9.Holandia
55%

Rozkład punktacji

Percentyl według liczby udzielonych odpowiedzi

Procent ludzi z każdym wynikiem

Twoja historia wyników

Nie rozwiązałeś tego quizu